000 00585nam a2200157 a 4500
008 120416s0000 ||||||||||||||||| || u
020 _a0521368693
050 _aQC 173.97 Bel
100 _aBell, J. S
245 1 0 _aSpeakable and unspeakable in quantum mechanics
246 _acollected papers on quantum philosophy
260 _aNew York
_bCambridge University Press
_c1987
300 _axii, 212p. : ill.
350 _a0.00
995 _D0.00
_FCBU-MAIN LIBRARY (Kitwe)
_H1
_I12.95
_UAVAILABLE
_ZAnnex Low-Usage Collection
999 _c58052
_d58052